[Event "Chigorin Memorial 28th"]
[Site "St Petersburg"]
[Date "2021.10.31"]
[Round "9"]
[White "Puzyrevsky, Semen"]
[Black "Makeev, Nikolay"]
[Result "1-0"]
[WhiteElo "1863"]
[BlackElo "2148"]
[PlyCount "53"]
[EventDate "2021.10.23"]
[EventType "swiss"]
[EventRounds "9"]
[EventCountry "RUS"]
[SourceTitle "EXT 2023"]
[Source "ChessBase"]
[SourceDate "2022.10.05"]
[SourceVersion "1"]
[SourceVersionDate "2022.10.05"]
[SourceQuality "1"]

1. e4 c5 2. Nf3 d6 3. d4 cxd4 4. Nxd4 Nf6 5. Nc3 a6 6. f3 h5 7. Be3 e5 8. Nb3 Be6 9. Qd2 Be7 10. 0-0-0 Nbd7 11. Nd5 Bxd5 12. exd5 Qc7 13. Kb1 0-0 14. h4 b5 15. Rg1 Nb6 16. g4 hxg4 17. fxg4 Nfxd5 18. Bxb6 Nxb6 19. g5 Nc4 20. Qe2 Rac8 21. Bg2 g6 22. h5 Kg7 23. Be4 a5 24. hxg6 fxg6 25. Rh1 a4 26. Rh7+ Kg8 27. Bd5+ 1-0

[Event "Chigorin Memorial 28th"]
[Site "St Petersburg"]
[Date "2021.10.30"]
[Round "8"]
[White "Makeev, Nikolay"]
[Black "Preobrazhenskaya, Diana"]
[Result "1/2-1/2"]
[WhiteElo "2148"]
[BlackElo "1764"]
[PlyCount "92"]
[EventDate "2021.10.23"]
[EventType "swiss"]
[EventRounds "9"]
[EventCountry "RUS"]
[SourceTitle "EXT 2023"]
[Source "ChessBase"]
[SourceDate "2022.10.05"]
[SourceVersion "1"]
[SourceVersionDate "2022.10.05"]
[SourceQuality "1"]

1. d4 Nf6 2. c4 e6 3. g3 Bb4+ 4. Bd2 Bxd2+ 5. Nxd2 d6 6. Bg2 0-0 7. Ngf3 Nc6 8. 0-0 e5 9. d5 Ne7 10. Ne1 c6 11. e4 b5 12. dxc6 Nxc6 13. cxb5 Nd4 14. a4 a6 15. Nc2 Bg4 16. f3 Qb6 17. Kh1 Be6 18. a5 Qxb5 19. Nxd4 exd4 20. Qa4 Qxb2 21. Nc4 Bxc4 22. Qxc4 Rfc8 23. Qa2 Qc3 24. Rfd1 h5 25. h4 Rab8 26. Qf2 Rc4 27. Ra2 d3 28. Bf1 Rd4 29. Qe3 Rb3 30. Rad2 Qc5 31. Bxd3 d5 32. Qg5 Nh7 33. Qe3 dxe4 34. fxe4 Qe5 35. Qf4 Qxf4 36. gxf4 Ra3 37. Bxa6 Rxe4 38. Rd8+ Nf8 39. R8d5 Rh3+ 40. Kg2 Rxh4 41. R1d4 Re3 42. f5 Rhh3 43. Rd3 Rhg3+ 44. Kf2 Rgf3+ 45. Kg2 Rg3+ 46. Kf2 Rgf3+ 1/2-1/2

[Event "Chigorin Memorial 28th"]
[Site "St Petersburg"]
[Date "2021.10.28"]
[Round "6"]
[White "Makeev, Nikolay"]
[Black "Poliakova, Varvara"]
[Result "1/2-1/2"]
[WhiteElo "2148"]
[BlackElo "1944"]
[PlyCount "82"]
[EventDate "2021.10.23"]
[EventType "swiss"]
[EventRounds "9"]
[EventCountry "RUS"]
[SourceTitle "EXT 2023"]
[Source "ChessBase"]
[SourceDate "2022.10.05"]
[SourceVersion "1"]
[SourceVersionDate "2022.10.05"]
[SourceQuality "1"]

1. d4 d6 2. e4 Nf6 3. f3 Nbd7 4. Be3 e5 5. d5 Be7 6. c4 a5 7. Bd3 Nc5 8. Bc2 0-0 9. Nc3 Bd7 10. Nge2 Nh5 11. Qd2 Rb8 12. 0-0 Na6 13. a3 Qe8 14. b3 c5 15. Bd3 Nc7 16. Na2 Qd8 17. b4 axb4 18. axb4 b5 19. bxc5 dxc5 20. Nac1 Bd6 21. Nb3 Qe7 22. Ra7 Rfc8 23. cxb5 Nxb5 24. Bxb5 Rxb5 25. Na5 c4 26. Nc6 Qe8 27. Rxd7 Qxd7 28. Na7 Bb4 29. Qc2 Nf4 30. Nxc8 Nxe2+ 31. Qxe2 Qxc8 32. Rb1 Rb8 33. Rc1 c3 34. Qd3 Qd7 35. Qc4 Ba5 36. Qc6 Qxc6 37. dxc6 f6 38. Ra1 Rb5 39. Kf1 c2 40. Rc1 Rb1 41. Ke2 Rxc1 1/2-1/2

[Event "Chigorin Memorial 28th"]
[Site "St Petersburg"]
[Date "2021.10.26"]
[Round "4"]
[White "Makeev, Nikolay"]
[Black "Butvin, Andrey"]
[Result "1-0"]
[WhiteElo "2148"]
[BlackElo "1781"]
[PlyCount "73"]
[EventDate "2021.10.23"]
[EventType "swiss"]
[EventRounds "9"]
[EventCountry "RUS"]
[SourceTitle "EXT 2023"]
[Source "ChessBase"]
[SourceDate "2022.10.05"]
[SourceVersion "1"]
[SourceVersionDate "2022.10.05"]
[SourceQuality "1"]

1. d4 Nf6 2. c4 g6 3. Nc3 Bg7 4. e4 d6 5. f3 0-0 6. Be3 c5 7. d5 e6 8. Nge2 exd5 9. cxd5 Nbd7 10. Ng3 a6 11. a4 h5 12. Be2 h4 13. Nf1 Ne5 14. h3 Nh7 15. f4 Nd7 16. Nd2 Re8 17. 0-0 f5 18. Bf2 Bxc3 19. bxc3 fxe4 20. Nc4 Qf6 21. Qe1 g5 22. fxg5 Qg6 23. Bxh4 Ne5 24. Nb6 Rb8 25. Nxc8 Rbxc8 26. Qg3 c4 27. Bg4 Nxg4 28. Qxg4 e3 29. Rae1 Rc7 30. Qf5 Qh5 31. g4 Qxh4 32. Qg6+ Kh8 33. Qxe8+ Kg7 34. Rxe3 Qxg5 35. Rf5 Qh4 36. Rh5 Qf6 37. Re6 1-0

[Event "Chigorin Memorial 28th"]
[Site "St Petersburg"]
[Date "2021.10.25"]
[Round "3"]
[White "Korsakov, Egor"]
[Black "Makeev, Nikolay"]
[Result "0-1"]
[WhiteElo "1500"]
[BlackElo "2148"]
[PlyCount "140"]
[EventDate "2021.10.23"]
[EventType "swiss"]
[EventRounds "9"]
[EventCountry "RUS"]
[SourceTitle "EXT 2023"]
[Source "ChessBase"]
[SourceDate "2022.10.05"]
[SourceVersion "1"]
[SourceVersionDate "2022.10.05"]
[SourceQuality "1"]

1. c4 e5 2. Nc3 Nf6 3. e4 Bc5 4. g3 d6 5. h3 Be6 6. d3 h6 7. Bg2 Nc6 8. Nge2 a5 9. 0-0 g5 10. Nd5 Bxd5 11. cxd5 Nd4 12. Be3 Nxe2+ 13. Qxe2 Qe7 14. Qc2 Nd7 15. a3 a4 16. Rad1 f6 17. Qe2 h5 18. Bxc5 dxc5 19. f4 gxf4 20. gxf4 Qg7 21. f5 Ke7 22. Kh1 Qg3 23. Qf3 Qh4 24. Qf2 Qxf2 25. Rxf2 Rag8 26. Bf3 b5 27. h4 b4 28. Kh2 bxa3 29. bxa3 Rb8 30. Ra2 Rb3 31. Rdd2 Nb6 32. Bd1 Rb1 33. Rab2 Ra1 34. Ra2 Rb1 35. Bf3 Rb3 36. Rac2 Kd6 37. Bd1 Rxa3 38. Ra2 Rxa2 39. Rxa2 c4 40. dxc4 Kc5 41. Be2 Ra8 42. Kg3 a3 43. Bxh5 Kxc4 44. Bf7 Kd3 45. h5 Nc4 46. d6 Nxd6 47. Bd5 Nxe4+ 48. Kg4 c6 49. Bxc6 Ra7 50. h6 Ng5 51. Kh5 e4 52. Kg6 Nh7 53. Rxa3+ Rxa3 54. Kxh7 Kd4 55. Kg6 Ke5 56. Bxe4 Rg3+ 57. Kf7 Rh3 58. Bb1 Rxh6 59. Kg7 Rh1 60. Bc2 Rc1 61. Bd3 Rc3 62. Bb1 Rg3+ 63. Kh6 Rg5 64. Bd3 Rxf5 65. Kg6 Rg5+ 66. Kh6 Rg3 67. Ba6 f5 68. Kh5 f4 69. Kh4 Kd4 70. Bb5 Ke3 0-1

[Event "Chigorin Memorial 28th"]
[Site "St Petersburg"]
[Date "2021.10.24"]
[Round "2"]
[White "Makeev, Nikolay"]
[Black "Iljin, Konstantin"]
[Result "0-1"]
[WhiteElo "2148"]
[BlackElo "1683"]
[PlyCount "92"]
[EventDate "2021.10.23"]
[EventType "swiss"]
[EventRounds "9"]
[EventCountry "RUS"]
[SourceTitle "EXT 2023"]
[Source "ChessBase"]
[SourceDate "2022.10.05"]
[SourceVersion "1"]
[SourceVersionDate "2022.10.05"]
[SourceQuality "1"]

1. d4 Nf6 2. c4 g6 3. Nc3 Bg7 4. e4 d6 5. f3 0-0 6. Be3 c5 7. d5 Nbd7 8. Nh3 Ne5 9. Nf2 e6 10. Be2 exd5 11. cxd5 h5 12. h3 a6 13. f4 Ned7 14. a4 Rb8 15. 0-0 Re8 16. Bd3 h4 17. Qf3 Nh5 18. Ng4 Ng3 19. Rfe1 Nf6 20. Nxf6+ Bxf6 21. Bf2 Bd7 22. a5 b5 23. axb6 Rxb6 24. Rxa6 Rxa6 25. Bxa6 Qb6 26. Bd3 Qxb2 27. Ne2 Nxe2+ 28. Rxe2 Qb3 29. Qe3 Bd4 30. Qd2 Bxf2+ 31. Rxf2 Ra8 32. f5 Ra1+ 33. Bf1 Qb4 34. fxg6 Qxd2 35. gxf7+ Kf8 36. Rxd2 Bb5 37. Rf2 Bd3 38. e5 dxe5 39. d6 Bxf1 40. Kh2 Bd3 41. Rf6 Ra7 42. Re6 e4 43. Rh6 Rxf7 44. Rh8+ Kg7 45. Rd8 Rf8 46. Rd7+ Kf6 0-1

[Event "PriFO op active"]
[Site "Togliatti"]
[Date "2014.03.23"]
[Round "6"]
[White "Filipenko, Alexander V"]
[Black "Makeev, Nikolay"]
[Result "1/2-1/2"]
[WhiteElo "2312"]
[BlackElo "2068"]
[PlyCount "118"]
[EventDate "2014.03.23"]
[EventType "swiss"]
[EventRounds "7"]
[EventCountry "RUS"]
[SourceTitle "EXT 2016"]
[Source "ChessBase"]
[SourceDate "2015.10.08"]
[SourceVersion "1"]
[SourceVersionDate "2015.10.08"]
[SourceQuality "1"]

1. e4 c5 2. Nf3 d6 3. Bb5+ Bd7 4. Bxd7+ Qxd7 5. 0-0 Nf6 6. e5 dxe5 7. Nxe5 Qc7 8. d4 e6 9. Bf4 Qb6 10. Nd2 cxd4 11. Ndc4 Qc5 12. c3 Nc6 13. cxd4 Qd5 14. Nxc6 Qxc4 15. Ne5 Qb5 16. a4 Qa6 17. Bg5 Be7 18. d5 Rd8 19. Bxf6 Rxd5 20. Qh5 gxf6 21. Qxf7+ Kd8 22. Nf3 Qd6 23. Rfe1 Kd7 24. Rac1 h5 25. Nh4 Rf8 26. Qh7 Rc8 27. Rxc8 Kxc8 28. g3 Qd7 29. Qg8+ Kc7 30. Qxe6 Qxe6 31. Rxe6 Kd7 32. Re2 Rd1+ 33. Kg2 Ra1 34. b3 Ra3 35. Re3 Bc5 36. Rf3 Ke6 37. Ng6 Bd6 38. Nh4 Bc5 39. Nf5 Kf7 40. h4 Ra2 41. Ne3 Rb2 42. Nd5 Bd4 43. Nf4 Be5 44. Nxh5 Kg6 45. g4 a6 46. Ng3 b5 47. axb5 axb5 48. Nf5 b4 49. Rd3 Kh7 50. Ne3 Bc3 51. Nd5 Kg6 52. Nxc3 Rxb3 53. Rd6 bxc3 54. g5 c2 55. Rxf6+ Kh5 56. Rc6 Kxh4 57. f4 Kg4 58. g6 Kxf4 59. Rc4+ Kf5 1/2-1/2

[Event "PriFO op active"]
[Site "Togliatti"]
[Date "2014.03.23"]
[Round "7"]
[White "Makeev, Nikolay"]
[Black "Kharlov, Andrei"]
[Result "0-1"]
[WhiteElo "2068"]
[BlackElo "2474"]
[PlyCount "86"]
[EventDate "2014.03.23"]
[EventType "swiss"]
[EventRounds "7"]
[EventCountry "RUS"]
[SourceTitle "EXT 2016"]
[Source "ChessBase"]
[SourceDate "2015.10.08"]
[SourceVersion "1"]
[SourceVersionDate "2015.10.08"]
[SourceQuality "1"]

1. d4 Nf6 2. c4 e6 3. g3 d5 4. Nf3 dxc4 5. Bg2 Nc6 6. 0-0 Rb8 7. a4 a6 8. Nc3 Bb4 9. Bg5 h6 10. Bxf6 Qxf6 11. e4 0-0 12. e5 Qe7 13. Qe2 b5 14. axb5 axb5 15. Rfd1 Na5 16. d5 Nb3 17. Ra7 Qc5 18. Qe3 Qxe3 19. fxe3 Bc5 20. Rxc7 Bxe3+ 21. Kh1 b4 22. dxe6 Bxe6 23. Nd5 Bb6 24. Nxb6 Rxb6 25. Bf1 Na5 26. Rc5 Ra8 27. Nd4 Nb3 28. Nxe6 Nxc5 29. Nxc5 c3 30. bxc3 bxc3 31. Rc1 Rc8 32. Nd3 c2 33. Kg2 Rb1 34. Kf2 Rc3 35. h4 g6 36. g4 Rxd3 37. Rxc2 Rd7 38. Bc4 Rc7 39. e6 Rb4 40. Re2 Kf8 41. Ba2 Re7 42. h5 g5 43. Kg3 Rf4 0-1

[Event "PriFO op active"]
[Site "Togliatti"]
[Date "2014.03.23"]
[Round "2"]
[White "Makeev, Nikolay"]
[Black "Palachev, Petr"]
[Result "1/2-1/2"]
[WhiteElo "2068"]
[BlackElo "2316"]
[PlyCount "147"]
[EventDate "2014.03.23"]
[EventType "swiss"]
[EventRounds "7"]
[EventCountry "RUS"]
[SourceTitle "EXT 2016"]
[Source "ChessBase"]
[SourceDate "2015.10.08"]
[SourceVersion "1"]
[SourceVersionDate "2015.10.08"]
[SourceQuality "1"]

1. d4 Nf6 2. c4 e6 3. Nc3 d5 4. Bg5 Be7 5. e3 h6 6. Bh4 c6 7. Qc2 Nbd7 8. cxd5 exd5 9. Nf3 0-0 10. a3 a5 11. Be2 Re8 12. 0-0 Nf8 13. Ne5 N6d7 14. Bxe7 Rxe7 15. Nxd7 Bxd7 16. Na4 Ne6 17. Bd3 Be8 18. Nc5 b6 19. Nxe6 Rxe6 20. b4 Qd6 21. Qc3 Re7 22. Rfb1 axb4 23. Qxb4 Qxb4 24. axb4 Rea7 25. Rxa7 Rxa7 26. h4 Ra3 27. Be2 b5 28. g4 g5 29. hxg5 hxg5 30. Kg2 f6 31. Bf3 Kf8 32. Rb2 Bg6 33. Bd1 Ke7 34. Bc2 Be4+ 35. Kg3 Kd6 36. Bd1 Ra1 37. Bf3 Rc1 38. Kg2 Ke6 39. Kg3 Bd3 40. Kg2 f5 41. gxf5+ Kxf5 42. Kg3 Kf6 43. Bg2 Bf5 44. f3 Rc3 45. Kf2 g4 46. fxg4 Bxg4 47. Bf3 Bf5 48. Ke2 Kg5 49. Kd2 Ra3 50. Ke2 Kh4 51. Kf2 Kg5 52. Ke2 Ra1 53. Kf2 Rc1 54. Ke2 Bg4 55. Kd2 Rg1 56. Bxg4 Kxg4 57. Rb3 Kf3 58. Rc3 Rg2+ 59. Kd1 Rb2 60. Rxc6 Kxe3 61. Rc5 Rxb4 62. Rxd5 Kd3 63. Kc1 Kc3 64. Rh5 Kxd4 65. Rh4+ Kc3 66. Rxb4 Kxb4 67. Kb2 Kc4 68. Kc2 b4 69. Kb2 b3 70. Kb1 Kb4 71. Kb2 Ka4 72. Kb1 Ka3 73. Ka1 b2+ 74. Kb1 1/2-1/2

[Event "Anapa op"]
[Site "Anapa"]
[Date "2012.09.03"]
[Round "4"]
[White "Makeev, Nikolay"]
[Black "Karamanov, Dmitry"]
[Result "1/2-1/2"]
[WhiteElo "2049"]
[BlackElo "2198"]
[PlyCount "67"]
[EventDate "2012.08.30"]
[EventType "swiss"]
[EventRounds "9"]
[EventCountry "RUS"]
[SourceTitle "CBM 150 Extra"]
[Source "ChessBase"]
[SourceDate "2012.10.19"]
[SourceVersion "1"]
[SourceVersionDate "2012.10.19"]
[SourceQuality "1"]

1. d4 Nf6 2. c4 g6 3. f3 Bg7 4. e4 d6 5. Nc3 0-0 6. Be3 Nc6 7. Nge2 e5 8. d5 Ne7 9. g4 c6 10. Ng3 Ne8 11. Bd3 f5 12. gxf5 gxf5 13. Nge2 Ng6 14. Qc2 Nh4 15. 0-0-0 f4 16. Bf2 Nxf3 17. c5 Qa5 18. dxc6 bxc6 19. Bc4+ Kh8 20. cxd6 Bd7 21. Na4 Nd4 22. Nxd4 exd4 23. b3 c5 24. Be1 Qd8 25. Nxc5 Nxd6 26. Bf2 Nb5 27. Rhg1 Be5 28. Qb2 Rc8 29. Nxd7 Qxd7 30. Kb1 Rcd8 31. Bxb5 Qxb5 32. Rg5 Rg8 33. a4 Qc5 34. Rxe5 1/2-1/2

[Event "Sterlitamak Rochinskiy op"]
[Site "Sterlitamak"]
[Date "2012.06.30"]
[Round "9"]
[White "Makeev, Nikolay"]
[Black "Vlasov, Andrey"]
[Result "0-1"]
[WhiteElo "2046"]
[BlackElo "2280"]
[PlyCount "106"]
[EventDate "2012.06.22"]
[EventType "swiss"]
[EventRounds "9"]
[EventCountry "RUS"]
[SourceTitle "EXT 2013"]
[Source "ChessBase"]
[SourceDate "2012.11.22"]
[SourceVersion "1"]
[SourceVersionDate "2012.11.22"]
[SourceQuality "1"]

1. d4 Nf6 2. c4 e6 3. Nf3 c5 4. e3 b6 5. Nc3 Bb7 6. d5 d6 7. e4 e5 8. Bd3 h6 9. h3 Nbd7 10. Be3 a6 11. a4 Be7 12. Qd2 Qc7 13. 0-0 a5 14. Nb5 Qb8 15. g3 Ba6 16. Nh4 Bxb5 17. cxb5 Ng8 18. Nf5 Bf6 19. Be2 Ne7 20. Bg4 Qc7 21. h4 Nxf5 22. Bxf5 g6 23. Bh3 h5 24. Kh2 Bg7 25. Bg5 Nf6 26. Bxf6 Bxf6 27. Ra3 Qd8 28. f4 Ra7 29. Kg2 exf4 30. Raf3 0-0 31. Qxf4 Bxb2 32. Be6 Bg7 33. Bh3 c4 34. e5 Bxe5 35. Qxc4 Rc7 36. Qe4 f5 37. Qe3 Kg7 38. Rc1 Rxc1 39. Qxc1 Rf7 40. Rf2 f4 41. Qf1 Rc7 42. gxf4 Bd4 43. Rd2 Bc3 44. Rc2 Qxh4 45. Qf3 Qf6 46. Be6 Rc5 47. f5 Rc4 48. fxg6 Qxg6+ 49. Kh3 Qxc2 50. Qf7+ Kh6 51. Bf5 Rh4+ 52. Kg3 Be5+ 53. Kf3 Rf4+ 0-1

[Event "Sterlitamak Rochinskiy op"]
[Site "Sterlitamak"]
[Date "2012.06.24"]
[Round "3"]
[White "Makeev, Nikolay"]
[Black "Zhitnikov, Sergey"]
[Result "1/2-1/2"]
[WhiteElo "2046"]
[BlackElo "2320"]
[PlyCount "61"]
[EventDate "2012.06.22"]
[EventType "swiss"]
[EventRounds "9"]
[EventCountry "RUS"]
[SourceTitle "EXT 2013"]
[Source "ChessBase"]
[SourceDate "2012.11.22"]
[SourceVersion "1"]
[SourceVersionDate "2012.11.22"]
[SourceQuality "1"]

1. d4 f5 2. c4 Nf6 3. g3 d6 4. Nf3 g6 5. Bg2 Bg7 6. 0-0 0-0 7. Nc3 Qe8 8. Nd5 Nxd5 9. cxd5 Qb5 10. Ng5 Qb6 11. e3 c6 12. b3 Na6 13. Bb2 h6 14. Nh3 cxd5 15. Nf4 Kh7 16. Nxd5 Qd8 17. Rc1 Bd7 18. Nf4 Rb8 19. Qe2 e5 20. dxe5 dxe5 21. Nd5 Bc6 22. Rfd1 Qe8 23. a4 Qf7 24. Rd2 Rbd8 25. Rcd1 Rfe8 26. Qc4 Rc8 27. Nb6 Qxc4 28. Nxc4 Bxg2 29. Kxg2 Rc7 30. Rd7 Re7 31. Rxc7 1/2-1/2

[Event "Sterlitamak op"]
[Site "Sterlitamak"]
[Date "2011.07.05"]
[Round "9"]
[White "Shamin, Aleksey"]
[Black "Makeev, Nikolay"]
[Result "1-0"]
[WhiteElo "2215"]
[BlackElo "1990"]
[PlyCount "77"]
[EventDate "2011.06.27"]
[EventType "swiss"]
[EventRounds "9"]
[EventCountry "RUS"]
[SourceTitle "EXT 2012"]
[Source "ChessBase"]
[SourceDate "2011.11.24"]
[SourceVersion "1"]
[SourceVersionDate "2011.11.24"]
[SourceQuality "1"]

1. e4 c5 2. Nf3 e6 3. d4 cxd4 4. Nxd4 a6 5. Bd3 Bc5 6. Nb3 Be7 7. 0-0 Qc7 8. Qg4 g6 9. f4 d6 10. Qe2 Nc6 11. Bd2 Bf6 12. Bc3 b5 13. Bxf6 Nxf6 14. c4 bxc4 15. Bxc4 0-0 16. Nc3 Bb7 17. Rad1 Rfe8 18. Bd3 d5 19. e5 Nd7 20. h4 Ne7 21. g4 Kh8 22. Rf2 Nb6 23. Nd4 Nc4 24. Bb1 Rac8 25. Rd3 Nc6 26. Nb3 Red8 27. h5 d4 28. Ne4 Nb4 29. Rxd4 Rxd4 30. Nxd4 Qb6 31. Nb3 a5 32. hxg6 hxg6 33. Ng5 Kg7 34. Be4 Bxe4 35. Qxe4 Nxb2 36. Nd4 Rc4 37. Ngf3 Nc6 38. f5 Nxd4 39. f6+ 1-0

[Event "Sterlitamak op"]
[Site "Sterlitamak"]
[Date "2011.07.04"]
[Round "8"]
[White "Makeev, Nikolay"]
[Black "Garipov, Eduard"]
[Result "1-0"]
[WhiteElo "1990"]
[BlackElo "1965"]
[PlyCount "47"]
[EventDate "2011.06.27"]
[EventType "swiss"]
[EventRounds "9"]
[EventCountry "RUS"]
[SourceTitle "EXT 2012"]
[Source "ChessBase"]
[SourceDate "2011.11.24"]
[SourceVersion "1"]
[SourceVersionDate "2011.11.24"]
[SourceQuality "1"]

1. d4 Nf6 2. c4 e6 3. Nf3 b6 4. g3 Bb7 5. Bg2 Be7 6. 0-0 0-0 7. b3 d5 8. Bb2 Nbd7 9. Nbd2 c5 10. Rc1 Rc8 11. cxd5 exd5 12. Ne5 Re8 13. Ndf3 Bd6 14. Bh3 Rc7 15. Qd3 Bc8 16. Rcd1 Nf8 17. Bg2 Bb7 18. e3 Qc8 19. Nh4 Ng6 20. Nexg6 hxg6 21. dxc5 Bxc5 22. Bxf6 gxf6 23. Bxd5 Rd7 24. Qxg6+ 1-0

[Event "Anapa op-B"]
[Site "Anapa"]
[Date "2010.09.10"]
[Round "9"]
[White "Evdokimov, Alexei"]
[Black "Makeev, Nikolay"]
[Result "0-1"]
[WhiteElo "2258"]
[BlackElo "2011"]
[PlyCount "68"]
[EventDate "2010.08.31"]
[EventType "swiss"]
[EventRounds "9"]
[EventCountry "RUS"]
[SourceTitle "EXT 2013"]
[Source "ChessBase"]
[SourceDate "2012.11.22"]
[SourceVersion "1"]
[SourceVersionDate "2012.11.22"]
[SourceQuality "1"]

1. f4 d5 2. e3 Nf6 3. b3 e6 4. Bb2 Nbd7 5. Nf3 b6 6. Bb5 Bb7 7. Ne5 c5 8. 0-0 a6 9. Bxd7+ Nxd7 10. Qh5 g6 11. Qh3 d4 12. exd4 Nxe5 13. fxe5 cxd4 14. d3 Rc8 15. Na3 b5 16. Rf2 Bg7 17. Qg4 Bxe5 18. Re1 h5 19. Qe2 Bb8 20. Rxf7 Kxf7 21. Qxe6+ Kg7 22. Qe7+ Qxe7 23. Rxe7+ Kf6 24. Rxb7 Rhd8 25. Rb6+ Rd6 26. Bxd4+ Kf5 27. Rxb8 Rxb8 28. c3 Rxd4 29. cxd4 Rc8 30. Kf2 Rc1 31. Kf3 g5 32. h3 g4+ 33. hxg4+ hxg4+ 34. Ke3 Rg1 0-1

[Event "RUS-chB U14"]
[Site "Dagomys"]
[Date "2009.04.22"]
[Round "8"]
[White "Makeev, Nikolay"]
[Black "Talipov, Nafis"]
[Result "1/2-1/2"]
[WhiteElo "1990"]
[BlackElo "2051"]
[PlyCount "85"]
[EventDate "2009.04.15"]
[EventType "swiss"]
[EventRounds "9"]
[EventCountry "RUS"]
[SourceTitle "EXT 2010"]
[Source "ChessBase"]
[SourceDate "2010.11.25"]
[SourceVersion "1"]
[SourceVersionDate "2010.11.25"]
[SourceQuality "1"]

1. d4 Nf6 2. c4 c5 3. d5 e5 4. Nc3 d6 5. e4 Be7 6. Nf3 0-0 7. g3 Na6 8. Bg2 Bd7 9. 0-0 Ne8 10. Nd2 g6 11. f4 f6 12. h3 Nac7 13. a4 b6 14. Nf3 a6 15. g4 b5 16. b3 Rb8 17. f5 g5 18. Kf2 Ng7 19. h4 h6 20. Rh1 Kf7 21. hxg5 hxg5 22. Rh7 bxc4 23. Qh1 Rg8 24. bxc4 Rb4 25. Bf1 Na8 26. a5 Nc7 27. Bd3 Nce8 28. Bd2 Rb2 29. Qh6 Qb8 30. Rh1 Qb3 31. Ke3 Qa3 32. Qg6+ Kf8 33. Ne2 Rb3 34. Nc1 Rb2 35. Rh8 Ba4 36. R1h7 Bd1 37. Nxg5 fxg5 38. f6 Bxf6 39. Rxg7 Bxg7 40. Rxg8+ Kxg8 41. Qxe8+ Kh7 42. Qh5+ Kg8 43. Qe8+ 1/2-1/2

[Event "RUS-chB U14"]
[Site "Dagomys"]
[Date "2009.04.18"]
[Round "4"]
[White "Makeev, Nikolay"]
[Black "Kalinin, Ivan"]
[Result "1-0"]
[WhiteElo "1990"]
[BlackElo "1873"]
[PlyCount "85"]
[EventDate "2009.04.15"]
[EventType "swiss"]
[EventRounds "9"]
[EventCountry "RUS"]
[SourceTitle "EXT 2012"]
[Source "ChessBase"]
[SourceDate "2011.11.24"]
[SourceVersion "1"]
[SourceVersionDate "2011.11.24"]
[SourceQuality "1"]

1. d4 d5 2. c4 c6 3. Nf3 Nf6 4. e3 a6 5. Bd3 Bg4 6. h3 Bh5 7. Qb3 Qc7 8. Ne5 e6 9. 0-0 Bd6 10. f4 Bg6 11. Nxg6 hxg6 12. Nd2 Nbd7 13. Nf3 Ne4 14. Bxe4 dxe4 15. Ng5 Nf6 16. Qc2 c5 17. Nxe4 cxd4 18. Nxf6+ gxf6 19. exd4 0-0 20. Bd2 Kg7 21. Rae1 Rh8 22. c5 Rad8 23. Rf2 Be7 24. Bc3 Rd5 25. b4 Bd8 26. a4 Qc6 27. Rb1 b5 28. axb5 axb5 29. Ra1 Bc7 30. Qc1 Rh4 31. Qe3 Qb7 32. g4 Qb8 33. Kg2 f5 34. Qg3 g5 35. Raf1 f6 36. Qe3 fxg4 37. Qxe6 gxh3+ 38. Kh1 Qd8 39. fxg5 Rxg5 40. Rxf6 Rhg4 41. Rf7+ Kh8 42. Rf8+ Rg8 43. Qh6# 1-0